| 000 | 01026cam a22002775a 4500 | ||
|---|---|---|---|
| 008 | 161102b xxu||||| |||| 00| 0 eng d | ||
| 020 | _a9781138784895 | ||
| 040 |
_bENG _dEG-ScBUE |
||
| 082 | 0 | 4 |
_a302.23 _222 _bCRO |
| 245 | 0 | 0 |
_aCross-cultural journalism : _bcommunicating strategically about diversity / _cedited by Maria E. Len-Rios, Earnest L. Perry. |
| 250 | _a1st ed. | ||
| 260 |
_aNew York : _bRoutledge ; _c2016. |
||
| 263 | _a1111 | ||
| 300 |
_axxii, 343 p. : _bill. ; _c24 cm. |
||
| 504 | _aIncludes bibliographical references and index. | ||
| 590 | _ashima | ||
| 650 | 7 |
_aJournalism _xSocial aspects. _2BUEsh _939380 |
|
| 650 | 7 |
_aMinorities _xPress coverage. _2BUEsh |
|
| 651 | _2BUEsh | ||
| 653 |
_bCOMAME _cNovember2016 |
||
| 700 | 1 |
_aLen-Rios, Maria Elizabeth, _d1971- _eeditor. |
|
| 700 | 1 |
_aPerry, Earnest L. _q(Earnest Lee), _d1964- _eeditor. |
|
| 906 |
_a0 _bvip _corignew _d1 _eecip _f20 _gy-gencatlg |
||
| 942 | _2ddc | ||
| 999 |
_c22991 _d22963 |
||